Jak stanovit průmerné vážené náklady kapitálu

Objasnenie jedného z možných postupov pri určovaní budúcich priemerných vážených nákladov na kapitál - WACC. Priemerné vážené náklady na kapitál sú pravdepodobne popri ukazovateľa návratnosti investovaného kapitálu najdôležitejším ukazovateľom pri určovaní hodnoty spoločnosti. Použitie WACC pri stan...

Ausführliche Beschreibung

Gespeichert in:
Bibliographische Detailangaben
1. Verfasser: Vacík, Emil
Format: Buchkapitel
Sprache:Tschechisch
Schlagworte:
Tags: Tag hinzufügen
Keine Tags, Fügen Sie das erste Tag hinzu!

MARC

LEADER 00000naa$a2200000$$$4500
001 0026364
005 20231107070613.6
041 0 |a cze 
044 |a CZ 
245 1 0 |a Jak stanovit průmerné vážené náklady kapitálu  |c Emil Vacík 
520 |a Objasnenie jedného z možných postupov pri určovaní budúcich priemerných vážených nákladov na kapitál - WACC. Priemerné vážené náklady na kapitál sú pravdepodobne popri ukazovateľa návratnosti investovaného kapitálu najdôležitejším ukazovateľom pri určovaní hodnoty spoločnosti. Použitie WACC pri stanovovaní trhovej hodnoty kapitálovej štruktúry. Oportunitné náklady pri financovaní vlastným a cudzím kapitálom. Stanovenie budúcej bezrizikovej miery výnosnosti. Oportunitná výnosnosť vlastného kapitálu (ROEforw). Oportunitné náklady cudzieho kapitálu. Stanovenie WACC pri rôznej škále alternatívnych zdrojov financovania. 
610 2 0 |a náklady 
610 2 0 |a kapitál 
610 2 0 |a kapitál vlastný 
610 2 0 |a kapitál cudzí 
610 2 0 |a výnosnosť 
610 2 0 |a modely 
100 1 |a Vacík, Emil